000 00790nam a22002537a 4500
005 20170123162349.0
010 _aB-070649
020 _c200.00
035 _aB-070649
037 _bCen Lib/Ret
040 _aDPL
_bUR
082 _a842
_bو ر م
100 _aورما، بلراج
_9142614
245 _aتمثیل :
_cتمثیل
_bچار ناٹکیہ خاکے /
246 _aTamseel : char natkiya khake /
_bby Balraj Verma
260 _aنیی دہلی
_bاردو اکادمی
_c2002
270 _bنیی دہلی
_e110001
300 _a216p.
_c21cm(Hb)
650 _aادب -- اردو
_9142615
650 _aاردو ناٹک
_9142616
650 _aLiterature -- Urdu
_9142617
650 _aUrdu Plays
_9111313
942 _2ddc
_cUR
_h842
_mو ر م
999 _c109131
_d109131